<?xml version="1.0" encoding="UTF-8"?>
<record
    xmlns:xsi="http://www.w3.org/2001/XMLSchema-instance"
    xsi:schemaLocation="http://www.loc.gov/MARC21/slim http://www.loc.gov/standards/marcxml/schema/MARC21slim.xsd"
    xmlns="http://www.loc.gov/MARC21/slim">

  <leader>00792nam a22001817a 4500</leader>
  <controlfield tag="005">20240125150346.0</controlfield>
  <datafield tag="010" ind1=" " ind2=" ">
    <subfield code="a">HIN-126670</subfield>
  </datafield>
  <datafield tag="020" ind1=" " ind2=" ">
    <subfield code="a">9789393758712</subfield>
    <subfield code="c">1375.00</subfield>
  </datafield>
  <datafield tag="035" ind1=" " ind2=" ">
    <subfield code="a">HN-99016</subfield>
  </datafield>
  <datafield tag="037" ind1=" " ind2=" ">
    <subfield code="b">DBAD/PUB</subfield>
  </datafield>
  <datafield tag="082" ind1=" " ind2=" ">
    <subfield code="a">305.51220954</subfield>
    <subfield code="2">1</subfield>
  </datafield>
  <datafield tag="100" ind1=" " ind2=" ">
    <subfield code="a">&#x915;&#x936;&#x94D;&#x92F;&#x92A;, &#x913;&#x92E;&#x92A;&#x94D;&#x930;&#x915;&#x93E;&#x936;</subfield>
    <subfield code="9">61340</subfield>
  </datafield>
  <datafield tag="245" ind1=" " ind2=" ">
    <subfield code="a">&#x92A;&#x947;&#x930;&#x93F;&#x92F;&#x93E;&#x930; &#x908;.&#x935;&#x940;. &#x930;&#x93E;&#x92E;&#x93E;&#x938;&#x93E;&#x92E;&#x940;;&#x92D;&#x93E;&#x930;&#x924; &#x915;&#x947; &#x935;&#x94B;&#x932;&#x94D;&#x91F;&#x947;&#x92F;&#x930;/</subfield>
    <subfield code="c">&#x913;&#x92E;&#x92A;&#x94D;&#x930;&#x915;&#x93E;&#x936; &#x915;&#x936;&#x94D;&#x92F;&#x92A;</subfield>
  </datafield>
  <datafield tag="260" ind1=" " ind2=" ">
    <subfield code="a">&#x928;&#x949;&#x90F;&#x921;&#x93E;</subfield>
    <subfield code="b">&#x938;&#x947;&#x924;&#x941; &#x92A;&#x94D;&#x930;&#x915;&#x93E;&#x936;&#x928; &#x92A;&#x94D;&#x930;&#x93E;.&#x932;&#x93F;.</subfield>
    <subfield code="c">2022</subfield>
  </datafield>
  <datafield tag="270" ind1=" " ind2=" ">
    <subfield code="a">&#x938;&#x940;-21, &#x938;&#x947;&#x915;&#x94D;&#x91F;&#x930;-65 &#x928;&#x949;&#x90F;&#x921;&#x93E;</subfield>
    <subfield code="b">&#x928;&#x949;&#x90F;&#x921;&#x93E;-201301</subfield>
  </datafield>
  <datafield tag="300" ind1=" " ind2=" ">
    <subfield code="a">606&#x92A;&#x943;&#x937;&#x94D;&#x91F;.</subfield>
    <subfield code="c">24&#x938;&#x947;&#x92E;&#x940; (&#x938;&#x91C;&#x93F;&#x932;&#x94D;&#x926;)</subfield>
  </datafield>
  <datafield tag="942" ind1=" " ind2=" ">
    <subfield code="2">ddc</subfield>
    <subfield code="c">HN</subfield>
    <subfield code="h">305.51220954</subfield>
    <subfield code="m">&#x915;&#x936;&#x94D;&#x92F;</subfield>
  </datafield>
  <datafield tag="999" ind1=" " ind2=" ">
    <subfield code="c">200301</subfield>
    <subfield code="d">200301</subfield>
  </datafield>
  <datafield tag="952" ind1=" " ind2=" ">
    <subfield code="0">0</subfield>
    <subfield code="1">0</subfield>
    <subfield code="4">0</subfield>
    <subfield code="7">0</subfield>
    <subfield code="8">NFIC</subfield>
    <subfield code="a">ZLS</subfield>
    <subfield code="b">ZLS</subfield>
    <subfield code="d">2024-01-19</subfield>
    <subfield code="e">DBAD/PUB</subfield>
    <subfield code="g">1375.00</subfield>
    <subfield code="l">1</subfield>
    <subfield code="m">2</subfield>
    <subfield code="o">305.51220954 &#x915;&#x936;&#x94D;&#x92F;</subfield>
    <subfield code="p">HN-99016</subfield>
    <subfield code="r">2024-06-15 00:00:00</subfield>
    <subfield code="s">2024-05-04</subfield>
    <subfield code="v">1375.00</subfield>
    <subfield code="w">2024-01-19</subfield>
    <subfield code="y">HN</subfield>
  </datafield>
</record>
